000 00211 a2200097 4500
001 46679
100 _aRoskill C
245 _athe strategy of sea power
260 _aLondon
_bCollins
_c
090 _c29778
_d29778
942 _aNUST-CAE
_cM
_c21977
999 _c281752
_d281752